<?xml version="1.0" encoding="UTF-8"?>
<record
    xmlns:xsi="http://www.w3.org/2001/XMLSchema-instance"
    xsi:schemaLocation="http://www.loc.gov/MARC21/slim http://www.loc.gov/standards/marcxml/schema/MARC21slim.xsd"
    xmlns="http://www.loc.gov/MARC21/slim">

  <leader>00398nam a22001577a 4500</leader>
  <controlfield tag="003">OSt</controlfield>
  <controlfield tag="008">231018b        |||||||| |||| 00| 0 eng d</controlfield>
  <datafield tag="020" ind1=" " ind2=" ">
    <subfield code="a">9781543342050</subfield>
  </datafield>
  <datafield tag="082" ind1=" " ind2=" ">
    <subfield code="a">615.191 PAC</subfield>
  </datafield>
  <datafield tag="100" ind1=" " ind2=" ">
    <subfield code="a">PAUL,SWARNALI</subfield>
  </datafield>
  <datafield tag="245" ind1=" " ind2=" ">
    <subfield code="a">CONCISE COURSE IN PHARMACEUTICAL QUALITY ASSURANCE</subfield>
  </datafield>
  <datafield tag="260" ind1=" " ind2=" ">
    <subfield code="a">JALANDER</subfield>
    <subfield code="b">S,VIKAS </subfield>
    <subfield code="c">2022</subfield>
  </datafield>
  <datafield tag="300" ind1=" " ind2=" ">
    <subfield code="a">284,III</subfield>
  </datafield>
  <datafield tag="700" ind1=" " ind2=" ">
    <subfield code="a">JASWANI,GUJAN</subfield>
  </datafield>
  <datafield tag="942" ind1=" " ind2=" ">
    <subfield code="2">ddc</subfield>
    <subfield code="c">BK</subfield>
  </datafield>
  <datafield tag="999" ind1=" " ind2=" ">
    <subfield code="c">12122</subfield>
    <subfield code="d">12122</subfield>
  </datafield>
  <datafield tag="952" ind1=" " ind2=" ">
    <subfield code="0">0</subfield>
    <subfield code="1">0</subfield>
    <subfield code="2">ddc</subfield>
    <subfield code="4">0</subfield>
    <subfield code="7">0</subfield>
    <subfield code="8">BP</subfield>
    <subfield code="a">PIET</subfield>
    <subfield code="b">PIET</subfield>
    <subfield code="d">2023-10-16</subfield>
    <subfield code="e">KIRTI PRAKSHAN</subfield>
    <subfield code="f">RUPEES</subfield>
    <subfield code="g">425.00</subfield>
    <subfield code="k">IN-1068</subfield>
    <subfield code="l">0</subfield>
    <subfield code="o">615.191 PAC</subfield>
    <subfield code="p">BP2323</subfield>
    <subfield code="r">2023-10-18 00:00:00</subfield>
    <subfield code="v">340.00</subfield>
    <subfield code="w">2023-10-18</subfield>
    <subfield code="y">REF</subfield>
  </datafield>
  <datafield tag="952" ind1=" " ind2=" ">
    <subfield code="0">0</subfield>
    <subfield code="1">0</subfield>
    <subfield code="2">ddc</subfield>
    <subfield code="4">0</subfield>
    <subfield code="7">0</subfield>
    <subfield code="8">BP</subfield>
    <subfield code="a">PIET</subfield>
    <subfield code="b">PIET</subfield>
    <subfield code="d">2023-10-16</subfield>
    <subfield code="e">KIRTI PRAKSHAN</subfield>
    <subfield code="f">RUPEES</subfield>
    <subfield code="g">425.00</subfield>
    <subfield code="k">IN-1068</subfield>
    <subfield code="l">10</subfield>
    <subfield code="o">615.191 PAC</subfield>
    <subfield code="p">BP2324</subfield>
    <subfield code="r">2026-01-02 00:00:00</subfield>
    <subfield code="s">2025-12-23</subfield>
    <subfield code="v">340.00</subfield>
    <subfield code="w">2023-10-18</subfield>
    <subfield code="y">BK</subfield>
  </datafield>
  <datafield tag="952" ind1=" " ind2=" ">
    <subfield code="0">0</subfield>
    <subfield code="1">0</subfield>
    <subfield code="2">ddc</subfield>
    <subfield code="4">0</subfield>
    <subfield code="7">0</subfield>
    <subfield code="8">BP</subfield>
    <subfield code="a">PIET</subfield>
    <subfield code="b">PIET</subfield>
    <subfield code="d">2023-10-16</subfield>
    <subfield code="e">KIRTI PRAKSHAN</subfield>
    <subfield code="f">RUPEES</subfield>
    <subfield code="g">425.00</subfield>
    <subfield code="k">IN-1068</subfield>
    <subfield code="l">5</subfield>
    <subfield code="o">615.191 PAC</subfield>
    <subfield code="p">BP2325</subfield>
    <subfield code="r">2026-02-02 00:00:00</subfield>
    <subfield code="s">2026-01-12</subfield>
    <subfield code="v">340.00</subfield>
    <subfield code="w">2023-10-18</subfield>
    <subfield code="y">BK</subfield>
  </datafield>
  <datafield tag="952" ind1=" " ind2=" ">
    <subfield code="0">0</subfield>
    <subfield code="1">0</subfield>
    <subfield code="2">ddc</subfield>
    <subfield code="4">0</subfield>
    <subfield code="7">0</subfield>
    <subfield code="8">BP</subfield>
    <subfield code="a">PIET</subfield>
    <subfield code="b">PIET</subfield>
    <subfield code="d">2023-10-16</subfield>
    <subfield code="e">KIRTI PRAKSHAN</subfield>
    <subfield code="f">RUPEES</subfield>
    <subfield code="g">425.00</subfield>
    <subfield code="k">IN-1068</subfield>
    <subfield code="l">10</subfield>
    <subfield code="o">615.191 PAC</subfield>
    <subfield code="p">BP2326</subfield>
    <subfield code="r">2026-01-31 00:00:00</subfield>
    <subfield code="s">2026-01-21</subfield>
    <subfield code="v">340.00</subfield>
    <subfield code="w">2023-10-18</subfield>
    <subfield code="y">BK</subfield>
  </datafield>
  <datafield tag="952" ind1=" " ind2=" ">
    <subfield code="0">0</subfield>
    <subfield code="1">0</subfield>
    <subfield code="2">ddc</subfield>
    <subfield code="4">0</subfield>
    <subfield code="7">0</subfield>
    <subfield code="8">BP</subfield>
    <subfield code="a">PIET</subfield>
    <subfield code="b">PIET</subfield>
    <subfield code="d">2023-10-16</subfield>
    <subfield code="e">KIRTI PRAKSHAN</subfield>
    <subfield code="f">RUPEES</subfield>
    <subfield code="g">425.00</subfield>
    <subfield code="k">IN-1068</subfield>
    <subfield code="l">8</subfield>
    <subfield code="o">615.191 PAC</subfield>
    <subfield code="p">BP2327</subfield>
    <subfield code="r">2026-02-02 00:00:00</subfield>
    <subfield code="s">2026-01-12</subfield>
    <subfield code="v">340.00</subfield>
    <subfield code="w">2023-10-18</subfield>
    <subfield code="y">BK</subfield>
  </datafield>
</record>
